| 000 | 00640nam a2200229 a 4500 | ||
|---|---|---|---|
| 001 | 18865 | ||
| 003 | CO-ViMGA | ||
| 008 | 141112s2004 ck r 000 u spa d | ||
| 020 | _a8480195614 | ||
| 040 |
_aCO-ViMGA _bspa _cCO-ViMGA |
||
| 082 | 0 | 4 | _a745.5 M174 |
| 100 | 1 |
_aMarko, Paul; Davis, Debbie _926952 |
|
| 245 | 1 | 0 | _aEl Arte de hacer velas |
| 260 |
_aBarcelona : _bPaidotribo; 2001 |
||
| 300 | _a128 p., fotos | ||
| 490 | _aDisfruto y hago | ||
| 590 | _aForma de adquisición : Premio Mincultura | ||
| 650 | 1 | 4 | _aTRABAJOS MANUALES |
| 650 | 1 | 4 |
_aVELAS - DECORACION _926953 |
| 650 | 1 | 4 |
_aVELAS - ELABORACION _926954 |
| 942 |
_2ddc _cBK |
||
| 999 |
_c28092 _d28092 |
||